Jaklovčania si svojpomocne postavili kaplnku

Bibliographic Details
Format: Article
Language:Slovak
PhysicalDescription:Fotogr.
ISSN:1335-759X
Subjects:

MARC

LEADER 00000nab a2200000 ar4500
001 vtls008426677
003 SK-MaSNL
005 20260303065941.0
008 170922c20041118xo mr|p|||||||000 b|slo
038 |a SNSK 
040 |b slo  |c SNSK  |e AACR2 
041 0 |a slo 
044 |a xo  |c SK 
080 |a 726.52  |2 UDC-MRF-SK2 
080 |a 69  |2 UDC-MRF-SK2 
245 0 0 |a Jaklovčania si svojpomocne postavili kaplnku  |c [autor](kar) 
300 |b Fotogr. 
650 0 7 |a kaplnky  |2 snsk  |9 3026 
650 0 7 |a výstavba  |2 snsk  |9 29373 
651 7 |a Jaklovce (Slovensko)  |2 snsk  |9 58938 
651 7 |a Gelnica (Slovensko : okres)  |2 snsk  |9 168677 
773 0 |t Spišský denník Korzár  |g Roč. VI., č. 266 (18.11.2004), s. 1.  |x 1335-759X 
852 |a SNSK  |b KIS3GCP 
999 |c 1753385  |d 1755315